Parhaimmat frisbeegolf pelaajat (MPO) - Statistics

Yleistilastot
  • Tätä visaa on pelattu 33 kertaa
  • Keskiarvotulos 6 / 15
Vastaustilastot
Hint Vastaus % Oikein
7 Niklas Anttila
100%
5 Paul McbBeth
86%
1 Gannon Buhr
82%
6 Anthony Barela
61%
4 Isaac Robinson
57%
2 Richard Wysocki
57%
3 Calvin Heimburg
43%
9 Erza Robinson
39%
10 Aaron Gossage
36%
12 Chris Dickerson
21%
8 Kyle Klein
21%
11 Adam Hammes
18%
15 Andrew Marwede
7%
13 Cole Redalen
0%
14 Sullivan Titon
0%
Ehtoja vastaavia visoja ei löytynyt
Tulosjakauma
Jokaisen tuloksen saaneiden osuus
Persentiili vastausten määrän mukaan
Tuloshistoriasi
Et ole pelannut tätä visaa